<?xml version="1.0" encoding="UTF-8"?>
<record
    xmlns:xsi="http://www.w3.org/2001/XMLSchema-instance"
    xsi:schemaLocation="http://www.loc.gov/MARC21/slim http://www.loc.gov/standards/marcxml/schema/MARC21slim.xsd"
    xmlns="http://www.loc.gov/MARC21/slim">

  <leader>01523cab a2200325Ia 45 0</leader>
  <controlfield tag="001">u187250</controlfield>
  <controlfield tag="003">SIRSI</controlfield>
  <controlfield tag="008">101123s2010    ua     ss b         eng d</controlfield>
  <datafield tag="040" ind1=" " ind2=" ">
    <subfield code="a">EAL</subfield>
  </datafield>
  <datafield tag="041" ind1=" " ind2=" ">
    <subfield code="a">eng</subfield>
    <subfield code="b">ara</subfield>
  </datafield>
  <datafield tag="090" ind1=" " ind2=" ">
    <subfield code="a">ART MJAR V35 No5 9</subfield>
  </datafield>
  <datafield tag="100" ind1="1" ind2=" ">
    <subfield code="a">Shamseldean, M. M.</subfield>
  </datafield>
  <datafield tag="240" ind1="1" ind2="0">
    <subfield code="a">Minufiya journal of agricultural research, 2010 v. 35 (5)</subfield>
    <subfield code="h">[electronic resource].</subfield>
  </datafield>
  <datafield tag="245" ind1="1" ind2="0">
    <subfield code="a">Evaluation of the entomopathogenic nematodes, Steinernema spp and Heterorhabditis bacteriophora, in the control of mole cricket, Gryllotalpa Africana</subfield>
    <subfield code="h">[electronic resource].</subfield>
  </datafield>
  <datafield tag="246" ind1="1" ind2="5">
    <subfield code="a">&#x62A;&#x642;&#x64A;&#x64A;&#x645; &#x627;&#x644;&#x646;&#x64A;&#x645;&#x627;&#x62A;&#x648;&#x62F;&#x627; Heterorhabditis bacteriophora. Steinernema spp. &#x641;&#x64A; &#x645;&#x643;&#x627;&#x641;&#x62D;&#x629; &#x627;&#x644;&#x62D;&#x641;&#x627;&#x631; &#x627;&#x644;&#x627;&#x641;&#x631;&#x64A;&#x642;&#x64A; Gryllotalpa Africana.</subfield>
  </datafield>
  <datafield tag="300" ind1=" " ind2=" ">
    <subfield code="a">P. 1849-1857.</subfield>
  </datafield>
  <datafield tag="504" ind1=" " ind2=" ">
    <subfield code="a">Includes references.</subfield>
  </datafield>
  <datafield tag="520" ind1=" " ind2=" ">
    <subfield code="a">This study aimed to evaluate the efficacy of a new approach in the control of the mole cricket, Gryllotalpa africana using Steinemema spp (Siwa strain) ; Steinemema riobrave ; Heterorhabditis bacteriophora (B20) and , (HP88) under laboratory conditions.</subfield>
  </datafield>
  <datafield tag="546" ind1=" " ind2=" ">
    <subfield code="a">Summary in Arabic.</subfield>
  </datafield>
  <datafield tag="650" ind1=" " ind2="0">
    <subfield code="a">Insect nematodes.</subfield>
  </datafield>
  <datafield tag="650" ind1=" " ind2="0">
    <subfield code="a">Heterorhabditis.</subfield>
  </datafield>
  <datafield tag="650" ind1=" " ind2="0">
    <subfield code="a">Gryllotalpa.</subfield>
  </datafield>
  <datafield tag="650" ind1=" " ind2="0">
    <subfield code="a">Nematodes</subfield>
    <subfield code="x">Biological control.</subfield>
  </datafield>
  <datafield tag="700" ind1="1" ind2=" ">
    <subfield code="a">Kella, A. M.</subfield>
  </datafield>
  <datafield tag="700" ind1="1" ind2=" ">
    <subfield code="a">Bekhiet, M. A.</subfield>
  </datafield>
  <datafield tag="700" ind1="1" ind2=" ">
    <subfield code="a">Anany, A. E.</subfield>
  </datafield>
  <datafield tag="773" ind1="0" ind2=" ">
    <subfield code="t">Minufiya Journal of Agricultural Research. </subfield>
    <subfield code="g">2010.v.35(5)</subfield>
    <subfield code="x">1110-0265</subfield>
    <subfield code="7">nnas</subfield>
    <subfield code="w">u158151</subfield>
  </datafield>
  <datafield tag="856" ind1="4" ind2="0">
    <subfield code="u">http://nile.enal.sci.eg/EALE/2010/MJAR/3510/5/1849.pdf</subfield>
    <subfield code="z">Full Text Article.</subfield>
  </datafield>
  <datafield tag="596" ind1=" " ind2=" ">
    <subfield code="a">1</subfield>
  </datafield>
  <datafield tag="942" ind1=" " ind2=" ">
    <subfield code="c">AR</subfield>
    <subfield code="2">lcc</subfield>
  </datafield>
  <datafield tag="999" ind1=" " ind2=" ">
    <subfield code="c">42300</subfield>
    <subfield code="d">42300</subfield>
  </datafield>
</record>
